Online Catalogue and eLibrary

The holiday (Record no. 3368)

MARC details
000 -LEADER
fixed length control field 00447nam a2200145Ia 4500
005 - DATE AND TIME OF LATEST TRANSACTION
control field 20241213050111.0
008 - FIXED-LENGTH DATA ELEMENTS--GENERAL INFORMATION
fixed length control field 240331s9999 xx 000 0 und d
082 ## - DDC Classification
Item Number - Author Mark UDA
Class No. 823
100 ## - MAIN ENTRY--PERSONAL NAME
Personal name Udugama, S
245 #4 - TITLE STATEMENT
Title The holiday
260 ## - PUBLICATION, DISTRIBUTION, ETC.
Place of publication, distribution, etc. Colombo
Name of publisher, distributor, etc. Swastika ( Pvt) Limited
Date of publication, distribution, etc. 1987
300 ## - PHYSICAL DESCRIPTION
Extent (e.g. Volumes, Pages etc.) 68 P .,
500 ## - GENERAL NOTE
General note The Holiday is an Adventure story which takes you to many Beautiful Places in Sri Lanka as well as to its underworld.
942 ## - Koha item type (Biblio)
Koha item type Books in Stacks (Lending)
Holdings
Lost status Damaged status Collection code Home library Current library Shelving location Date acquired Full call number Accession Number Item type
    Lending WERC Library WERC Library Social Science Cupboard 03/31/2024 823 UDA 170 Books in Stacks (Lending)

© WERC Library